000 00455nam a2200181Ia 4500
001 2489
005 20260306144811.0
008 260306t2011||||xx |||||||||||||| ||spa||
041 _aESP
082 _a616.891
_bR77
100 _aRogers, Carl R.
_eAUT
245 0 _aEl proceso de convertirse en persona:
_bmi técnica terapéutica
260 _c2011
300 _a398 páginas :
_c23 cm.
650 _aGEN
654 _aCPS
942 _cLIB
_dJUS
_fJUS
_2ddc
_n
999 _c2489
_d2489